<?xml version="1.0" encoding="UTF-8"?>
<record
    xmlns:xsi="http://www.w3.org/2001/XMLSchema-instance"
    xsi:schemaLocation="http://www.loc.gov/MARC21/slim http://www.loc.gov/standards/marcxml/schema/MARC21slim.xsd"
    xmlns="http://www.loc.gov/MARC21/slim">

  <leader>00750nam a2200229   4500</leader>
  <controlfield tag="001">6132</controlfield>
  <datafield tag="010" ind1=" " ind2=" ">
    <subfield code="a">978-88-88146-10-2</subfield>
  </datafield>
  <datafield tag="090" ind1=" " ind2=" ">
    <subfield code="a">6132</subfield>
  </datafield>
  <datafield tag="100" ind1=" " ind2=" ">
    <subfield code="a">20260701d        u||y0frey50      ba</subfield>
  </datafield>
  <datafield tag="101" ind1=" " ind2=" ">
    <subfield code="a">ita</subfield>
  </datafield>
  <datafield tag="200" ind1=" " ind2=" ">
    <subfield code="a">"Venuti qui per cercare lavoro"</subfield>
    <subfield code="e">Gli emigrati italiani nella Svizzera del secondo dopoguerra</subfield>
    <subfield code="f">Paolo Barcella</subfield>
  </datafield>
  <datafield tag="210" ind1=" " ind2=" ">
    <subfield code="a">Bellinzona</subfield>
    <subfield code="c">Fondazione Piero e Marco Pellegrini - Guglielmo Canevascini</subfield>
    <subfield code="d">[2012]</subfield>
    <subfield code="e">Bergame</subfield>
    <subfield code="g">Sestante inc</subfield>
  </datafield>
  <datafield tag="215" ind1=" " ind2=" ">
    <subfield code="a">344 p.</subfield>
    <subfield code="d">24 cm. </subfield>
  </datafield>
  <datafield tag="606" ind1=" " ind2=" ">
    <subfield code="9">816</subfield>
    <subfield code="a">Travail</subfield>
  </datafield>
  <datafield tag="606" ind1=" " ind2=" ">
    <subfield code="9">1605</subfield>
    <subfield code="a">Droits des immigr&#xE9;s</subfield>
  </datafield>
  <datafield tag="606" ind1=" " ind2=" ">
    <subfield code="9">1063</subfield>
    <subfield code="a">Migration</subfield>
  </datafield>
  <datafield tag="606" ind1=" " ind2=" ">
    <subfield code="9">158</subfield>
    <subfield code="a">Statut de saisonnier</subfield>
  </datafield>
  <datafield tag="606" ind1=" " ind2=" ">
    <subfield code="9">1158</subfield>
    <subfield code="a">Racisme</subfield>
  </datafield>
  <datafield tag="607" ind1=" " ind2=" ">
    <subfield code="9">414</subfield>
    <subfield code="a">Suisse</subfield>
  </datafield>
  <datafield tag="607" ind1=" " ind2=" ">
    <subfield code="9">605</subfield>
    <subfield code="a">Italie</subfield>
  </datafield>
  <datafield tag="700" ind1=" " ind2=" ">
    <subfield code="9">4607</subfield>
    <subfield code="a">Barcella</subfield>
    <subfield code="b">Paolo</subfield>
  </datafield>
  <datafield tag="801" ind1=" " ind2=" ">
    <subfield code="a">CH</subfield>
    <subfield code="b">CH-001784-0 </subfield>
  </datafield>
  <datafield tag="995" ind1=" " ind2=" ">
    <subfield code="1">0</subfield>
    <subfield code="2">0</subfield>
    <subfield code="3">0</subfield>
    <subfield code="5">2026-07-03</subfield>
    <subfield code="9">7131</subfield>
    <subfield code="b">002</subfield>
    <subfield code="c">002</subfield>
    <subfield code="e">CT Livres</subfield>
    <subfield code="f">CT0119</subfield>
    <subfield code="k">L1045</subfield>
    <subfield code="o">1</subfield>
  </datafield>
</record>
